02284nam a2200397 a 4500001001200000003000800012006001900020007001500039008004100054020001800095020001500113040002100128035002100149043001200170050002200182110018700204245044200391260005700833300002400890504004100914533015200955610007301107610007701180610006801257650004101325650003901366650006801405650003801473655002901511710006401540710008601604710003601690710001701726856012601743999001701869ebr10246305CaPaEBRm u cr cn|||||||||081205s2008 dcua sb 000 0 eng d z9780309116848 z0309116848 aCaPaEBRcCaPaEBR a(OCoLC)320324438 an-us---14aQ125b.N38 2008eb2 aCommittee on Science, Engineering, and Public Policy (U.S.).bCommittee on Evaluating the Efficiency of Research and Development Programs at the U.S. Environmental Protection Agency.10aEvaluating research efficiency in the U.S. Environmental Protection Agencyh[electronic resource] /cCommittee on Evaluating the Efficiency of Research and Development Programs at the U.S. Environmental Protection Agency, Committee on Science, Engineering and Public Policy, Policy and Global Affairs, Board on Environmental Studies and Toxicology, Division on Earth and Life Studies, National Research Council of the National Academies. aWashington, D.C. :bNational Academies Press,c2008. axix, 131 p. :bill. aIncludes bibliographical references. aElectronic reproduction.bPalo Alto, Calif. :cebrary,d2009.nAvailable via World Wide Web.nAccess may be limited to ebrary affiliated libraries.10aUnited States.bEnvironmental Protection AgencyvRules and practice.10aUnited States.bEnvironmental Protection AgencyxManagementxEvaluation.10aUnited States.tGovernment Performance and Results Act of 1993. 0aResearchzUnited StatesxEvaluation. 0aFederal governmentzUnited States. 0aAdministrative agencieszUnited StatesxManagementxEvaluation. 0aScience and statezUnited States. 7aElectronic books.2local2 aCommittee on Science, Engineering, and Public Policy (U.S.)2 aNational Research Council (U.S.).bBoard on Environmental Studies and Toxicology.2 aNational Academies Press (U.S.)2 aebrary, Inc.40uhttp://site.ebrary.com/lib/rucke/Doc?id=10246305zAn electronic book accessible through the World Wide Web; click to view c36177d36177